Green Fields of France Lyrics - Statistics

General Stats
  • This quiz has been taken 2 times
  • The average score is 396 of 451
Answer Stats
Answer % Correct
1916.
100%
1916,
100%
a
100%
again.
100%
again,
100%
all
100%
an
100%
And
100%
and
100%
are
100%
as
100%
back
100%
band
100%
beat
100%
behind?
100%
behind
100%
brown
100%
by
100%
Chorus?
100%
clean.
100%
day
100%
Did
100%
did
100%
die?
100%
died
100%
the
100%
do
100%
do,
100%
Do
100%
done.
100%
done
100%
down
100%
down?
100%
drum
100%
enshrined?
100%
even
100%
faded
100%
fields
100%
fife
100%
Flowers
100%
for
100%
For,
100%
Forest?
100%
forever
100%
frame.
100%
France.
100%
glory,
100%
graveside?
100%
green
100%
happened
100%
heart
100%
heart,
100%
here
100%
hope
100%
I
100%
if
100%
in
100%
In
100%
is
100%
it
100%
it's
100%
know
100%
Last
100%
leather
100%
leave
100%
lie
100%
lowered
100%
lowly?
100%
March
100%
memory
100%
mind
100%
name?
100%
nineteen
100%
nineteen?
100%
no
100%
No
100%
obscene?
100%
of
100%
old
100%
on
100%
only
100%
Or
100%
or
100%
photograph:
100%
play
100%
Post
100%
really
100%
see
100%
sit
100%
slow
100%
slowly?
100%
some
100%
sorrow,
100%
sound
100%
stained,
100%
stranger
100%
summer
100%
sun.
100%
sun,
100%
sun
100%
sweetheart
100%
that
100%
the
100%
The
100%
they
100%
this
100%
to
100%
To
100%
torn,
100%
vain.
100%
war
100%
warm
100%
was
100%
Well
100%
well
100%
were
100%
while
100%
why.
100%
why
100%
wife
100%
without
100%
yellow
100%
you
100%
your
100%
Although
50%
barbed
50%
battered,
50%
been
50%
believe
50%
blind
50%
breeze,
50%
But
50%
butchered
50%
can't
50%
countless
50%
crosses
50%
damned.
50%
dance.
50%
Dead
50%
dying
50%
end
50%
Fallen
50%
fellow
50%
gas.
50%
generation
50%
glass
50%
gravestone
50%
graveyard,
50%
Great
50%
gun-firing
50%
help
50%
his
50%
how
50%
I'm
50%
indifference
50%
I've
50%
joined
50%
killing,
50%
Land.
50%
man.
50%
Man's
50%
man's
50%
McBride?
50%
McBride,
50%
nearly
50%
now
50%
now.
50%
pain,
50%
pipes
50%
poppies
50%
red
50%
rest
50%
sand.
50%
shines
50%
still
50%
suffering,
50%
There's
50%
those
50%
walking
50%
when
50%
white
50%
whole
50%
Willie
50%
wire.
50%
wonder
50%
would
50%
young
50%
Young
50%
answered
0%
call,
0%
clouds!
0%
Enclosed
0%
faithful
0%
from
0%
look
0%
makes
0%
mute
0%
'neath
0%
stand
0%
under
0%
wars?
0%
No matching quizzes found
Score Distribution
Percent of People with Each Score
Percentile by Number Answered
Your Score History
You have not taken this quiz